| 000 | 00678nam a2200253Ia 4500 | ||
|---|---|---|---|
| 005 | 20260429111847.0 | ||
| 008 | 260429s9999||||xx |||||||||||||| ||und|| | ||
| 020 | _a9789358992519 | ||
| 041 | _aEnglish | ||
| 082 |
_a635 _bMAN |
||
| 100 | _aMangaiyarkarasi, R. | ||
| 245 | 0 |
_aPests and diseases of horticultural crops / _cR. Mangaiyarkarasi |
|
| 250 | _a1st ed. | ||
| 260 |
_aNew Delhi : _bElite Publishing House, _c2024. |
||
| 300 | _axii, 352 p.; hb | ||
| 650 | _a Diseases | ||
| 650 | _a Pests | ||
| 650 | _aHorticulture crops | ||
| 700 | _a Baranidharan, R. | ||
| 700 | _a Kavishri, K. | ||
| 700 | _a Maha Shree, M. | ||
| 700 | _a Nishani, O. | ||
| 942 | _cTB | ||
| 999 |
_c51178 _d51178 |
||